MARC details
| 000 -LEADER |
| fixed length control field |
02561nam a22003617a 4500 |
| 001 - CONTROL NUMBER |
| control field |
103219 |
| 003 - CONTROL NUMBER IDENTIFIER |
| control field |
KnowledgeUnlatched |
| 005 - DATE AND TIME OF LATEST TRANSACTION |
| control field |
20210303105020.0 |
| 006 - FIXED-LENGTH DATA ELEMENTS--ADDITIONAL MATERIAL CHARACTERISTICS |
| fixed length control field |
m o d |
| 007 - PHYSICAL DESCRIPTION FIXED FIELD--GENERAL INFORMATION |
| fixed length control field |
cr u|||||||||| |
| 008 - FIXED-LENGTH DATA ELEMENTS--GENERAL INFORMATION |
| fixed length control field |
210129p20172019xx o u00| u fre d |
| 037 ## - SOURCE OF ACQUISITION |
| Institution to which field applies |
BiblioBoard |
| 020 ## - INTERNATIONAL STANDARD BOOK NUMBER |
| International Standard Book Number |
9782757428023 |
| 024 8# - OTHER STANDARD IDENTIFIER |
| Standard number or code |
https://doi.org/10.4000/books.septentrion.37662 |
| 029 1# - OTHER SYSTEM CONTROL NUMBER (OCLC) |
| OCLC library identifier |
https://library.biblioboard.com/ext/api/media/fd78ab16-623e-4a6d-b1e0-11633a80812a/assets/thumbnail.jpg |
| 040 ## - CATALOGING SOURCE |
| Original cataloging agency |
ScCtBLL |
| Transcribing agency |
ScCtBLL |
| 100 1# - MAIN ENTRY--PERSONAL NAME |
| Personal name |
Lefebvre, Laurie |
| Relator term |
author. |
| 245 03 - TITLE STATEMENT |
| Title |
Le mythe Néron |
| Remainder of title |
La fabrique d'un monstre dans la littérature antique (Ie-Ve s.) / |
| Statement of responsibility, etc. |
Laurie Lefebvre. |
| 264 #1 - PRODUCTION, PUBLICATION, DISTRIBUTION, MANUFACTURE, AND COPYRIGHT NOTICE |
| Name of producer, publisher, distributor, manufacturer |
Presses universitaires du Septentrion, |
| 300 ## - PHYSICAL DESCRIPTION |
| Extent |
1 online resource (1 p.) |
| 506 0# - RESTRICTIONS ON ACCESS NOTE |
| Terms governing access |
Access copy available to the general public. |
| Standardized terminology for access restriction |
Unrestricted |
| Source of term |
star |
| 520 ## - SUMMARY, ETC. |
| Summary, etc. |
Dans l'imaginaire collectif, Néron est à jamais figé dans la posture du tyran dépravé, meurtrier, incendiaire : un mythe s'est forgé, éternel et persistant. C'est précisément cette mythologie que l'auteur se propose de décoder. Car parallèlement à l'effacement des traces visibles de la mémoire du prince, les auteurs antiques, tant païens que chrétiens, se sont employés à reconstruire son histoire, jusqu'à ce que Néron, dépouillant son enveloppe d'individu historique, devînt une figure emblématique, incarnation de la tyrannie et de la monstruosité elles-mêmes. Enquête sur les codes philosophiques, rhétoriques ou littéraires qui ont contraint la réécriture de l'histoire du dernier Julio-claudien, l'ouvrage se propose aussi de suivre les mutations de cette figure au cours de l'Antiquité, au gré des erreurs de lecture, des confusions, des manipulations narratives ou des tentatives d'adaptation de la geste néronienne aux préoccupations du temps. Toute une mythographie se fait jour. |
| 588 0# - SOURCE OF DESCRIPTION NOTE |
| Source of description note |
Description based on print version record. |
| 590 ## - LOCAL NOTE (RLIN) |
| Local note |
OpenEdition Books Select 2018: HSS Backlist Books |
| 650 #7 - SUBJECT ADDED ENTRY--TOPICAL TERM |
| Topical term or geographic name entry element |
Literary Criticism |
| Source of heading or term |
bisacsh |
| 650 #0 - SUBJECT ADDED ENTRY--TOPICAL TERM |
| Topical term or geographic name entry element |
Literature |
| General subdivision |
History and criticism |
| 655 #0 - INDEX TERM--GENRE/FORM |
| Genre/form data or focus term |
Electronic books. |
| 758 ## - |
| -- |
Is found in: |
| -- |
Knowledge Unlatched |
| -- |
https://openresearchlibrary.org/module/2774bc74-146a-484f-a7ba-ab1d6a09bbfb |
| 856 40 - ELECTRONIC LOCATION AND ACCESS |
| Uniform Resource Identifier |
<a href="https://openresearchlibrary.org/content/fd78ab16-623e-4a6d-b1e0-11633a80812a">https://openresearchlibrary.org/content/fd78ab16-623e-4a6d-b1e0-11633a80812a</a> |
| Public note |
View this content on Open Research Library. |
| -- |
0 |